000 00269nam a2200109Ia 4500
008 200302s9999 xx 000 0 und d
100 _aBonnie L. Yegidis
245 _aResearch Methods for Social Workers
260 _bAllyn and Bacon
260 _c2002
300 _a323 P.,
999 _c5487
_d5487